000 00416nam a2200133Ia 4500
008 170419s9999 xx 000 0 und d
100 _aHarris, Patrick W.
245 _aNurses returning to school: motivators, inhibitors and job satisfaction
245 _cPatrick W. Harris & Mary E. Burman
260 _bElsevier
260 _c2016
300 _aMarch/April 2016
440 _aJournal of Profesional Nursing
_v32:2
999 _c329507
_d329507